Statistics for Countries with the Lowest Net Migration A-Z

Click here to take the quiz!

General Stats

  • This quiz has been taken 10 times
  • The average score is 12 of 24

Answer Stats

LetterNet MigrationCountry% Correct
O0Oman
100%
Y-29,998Yemen
100%
Q0Qatar
89%
U998,540United States
78%
Z-5,000Zambia
78%
H616,038Hungary
56%
J99,994Japan
56%
L5,222Luxembourg
56%
A139,991Australia
44%
C248,586Canada
44%
D19,999Denmark
44%
F66,601France
44%
K11,999Kuwait
44%
N29,998Netherlands
44%
P3,366,387Poland
44%
R942,445Russia
44%
V297,713Venezuela
44%
G154,592Germany
33%
I58,496Italy
33%
S734,304Syria
33%
T18,999Thailand
33%
E4,000Equatorial Guinea
22%
M462,866Moldova
22%
B30,308Belarus
11%

Score Distribution

Percentile by Number Answered

Percent of People with Each Score

Your Score History

You have not taken this quiz